000 00767nam a22002657a 4500
005 20230512223259.0
008 180116t xxu||||| |||| 00| 0 eng d
020 _a9781635496307
040 _cCSPC
082 0 _a694
_bC227
245 0 0 _aCarpentry :
_bthe complete guide to woodworking
260 _bLarsen & Keller
_c2017.
_aUSA :
300 _avi, 246 pages :
_bimages ;
_c26 cm.
336 _2rdacontent
_atext
337 _2rdamedia
_aunmediated
338 _2rdacarrier
_avolume
500 _aIncludes bibliographical references and index.
650 1 0 _aCarpentry
650 1 0 _aWoodwork
700 1 _aNeil Dalton
_eeditor
940 _a123
942 _cBOOK
_jENG 694 C227 2017
999 _c9106
_d9106